000 00559nam a2200145 4500
001 108438
003 ES-MaACL
007 t|
008 061121s1927 sp r ||||1| spa d
100 1 _aMontero Gutiérrez, Eloy.
_982525
245 1 3 _aEl matrimonio y las causas matrimoniales
_b: Disciplina de la Iglesia y de los principales Estados, especialmente de España y Jurisprudencia de los Tribunales eclesiásticos /
_cEloy Montero Gutiérrez.
260 _aSevilla :
_bEulogio de las Heras,
_c1927.
300 _a400 p. ;
_c22 cm.
852 _aES-MaACL
_jB-5200
999 _c108438
_d108438